000 00398nam a22001457a 4500
999 _c7787
_d7788
008 190404b ||||| |||| 00| 0 eng d
020 _a8184481403
082 _a610.73 A62p 2007
100 _aAnthikad,Jacob
245 _aPsychology for Graduates Nurses
250 _a4th ed.
260 _aNew Delhi ;
_bJaypee Brothers Medical Publishers,
_c2007.
300 _axvii, 314 p.
_c21 cm.
942 _2ddc